[Event "CZE-ch U14 Girls"]
[Site "Kouty nad Desnou"]
[Date "2014.03.11"]
[Round "5"]
[White "Hunova, Zuzana"]
[Black "Korenova, Magdalena"]
[Result "0-1"]
[WhiteElo "1085"]
[BlackElo "1400"]
[PlyCount "108"]
[EventDate "2014.03.08"]
[EventType "swiss"]
[EventRounds "9"]
[EventCountry "CZE"]
[SourceTitle "EXT 2015"]
[Source "ChessBase"]
[SourceDate "2014.11.20"]
[SourceVersion "1"]
[SourceVersionDate "2014.11.20"]
[SourceQuality "1"]

1. e4 e5 2. d4 f6 3. dxe5 fxe5 4. Nf3 Nc6 5. Bb5 Nf6 6. Nc3 Bb4 7. Bg5 d6 8. Bxc6+ bxc6 9. 0-0 0-0 10. Qd3 Be6 11. a3 Ba5 12. h3 Qd7 13. b4 Bb6 14. Bxf6 Rxf6 15. Ng5 Bd4 16. Nxe6 Qxe6 17. Rad1 Raf8 18. Rd2 Qf7 19. Nd1 Qg6 20. Qc4+ d5 21. Qa6 Qxe4 22. c3 Bb6 23. Qe2 Qxe2 24. Rxe2 e4 25. a4 a5 26. bxa5 Bxa5 27. Kh1 Bb6 28. Kg1 Ra8 29. Ra2 c5 30. f3 c4+ 31. Kh1 e3 32. Re1 Re6 33. Rae2 Rae8 34. a5 Bxa5 35. Rxe3 Rxe3 36. Rxe3 Rxe3 37. Nxe3 c6 38. Nd1 Kf7 39. g4 Ke6 40. Kg2 Ke5 41. Kg3 d4 42. cxd4+ Kxd4 43. f4 c3 44. Nxc3 Bxc3 45. f5 Ke4 46. h4 c5 47. h5 c4 48. Kh4 Be1+ 49. Kg5 Bd2+ 50. Kh4 c3 51. g5 Kxf5 52. g6 hxg6 53. hxg6 c2 54. Kg3 c1Q 0-1

[Event "CZE-ch U14 Girls"]
[Site "Kouty nad Desnou"]
[Date "2014.03.08"]
[Round "1"]
[White "Hunova, Zuzana"]
[Black "Ambrozova, Lucie"]
[Result "0-1"]
[WhiteElo "1085"]
[BlackElo "1480"]
[PlyCount "51"]
[EventDate "2014.03.08"]
[EventType "swiss"]
[EventRounds "9"]
[EventCountry "CZE"]
[SourceTitle "EXT 2015"]
[Source "ChessBase"]
[SourceDate "2014.11.20"]
[SourceVersion "1"]
[SourceVersionDate "2014.11.20"]
[SourceQuality "1"]

1. e4 c5 2. Nc3 Nc6 3. Nf3 g6 4. Bb5 Bg7 5. Ng5 e6 6. Qf3 Qxg5 7. 0-0 Nf6 8. d3 Qh5 9. Qxh5 Nxh5 10. Bxc6 bxc6 11. g4 Nf6 12. f3 d5 13. e5 Nd7 14. Be3 d4 15. Bxd4 cxd4 16. Ne2 Bxe5 17. c3 dxc3 18. Nxc3 Ba6 19. Rfd1 Rb8 20. f4 Bd4+ 21. Kg2 Rxb2+ 22. Kh1 Bxc3 23. Rdc1 Bd2 24. Rxc6 Bb7 25. h4 Bxc6+ 26. Kg1 0-1